| 000 | 00736nam a22002297a 4500 | ||
|---|---|---|---|
| 005 | 20240530110414.0 | ||
| 008 | 150302s2011 ua g 000 1 ara d | ||
| 017 |
_a20307/2010 _bمصر . دار الكتب المصرية |
||
| 020 | _a9772088673 | ||
| 040 | _aEG-CaGPL | ||
| 041 | 0 | _aara | |
| 082 | 0 | 4 |
_212 _a813.085\ _bر ح |
| 100 | 0 | _aريم بسيونى | |
| 245 | 1 | 2 |
_aالحب على الطريقة العربية / _cتاليف ريم بسيونى |
| 250 | _aط1 | ||
| 260 |
_aالقاهرة : _bمكتبة مدبولى ، _c2011 |
||
| 300 |
_a272 ص؛ _c20 سم |
||
| 650 | 0 | 4 | _aالقصص العربية |
| 650 | 0 | 4 | _aالقصص الرومانسية |
| 942 |
_2ddc _cBK |
||
| 999 |
_c60528 _d60528 |
||